[Event "GER-ch Net blitz qual5"]
[Site "Playchess.com INT"]
[Date "2020.03.28"]
[Round "6"]
[White "Donchenko, Alexander"]
[Black "Svane, Rasmus"]
[Result "1-0"]
[WhiteElo "2648"]
[BlackElo "2613"]
[PlyCount "107"]
[EventDate "2020.03.28"]
[EventType "swiss (blitz)"]
[EventRounds "13"]
[EventCountry "GER"]
[SourceTitle "CBM 195 Extra"]
[Source "ChessBase"]
[SourceDate "2020.05.31"]
[SourceVersion "1"]
[SourceVersionDate "2020.05.31"]
[SourceQuality "1"]

1. c4 c6 2. Nf3 d5 3. g3 g6 4. Bg2 Bg7 5. O-O e5 6. d3 Ne7 7. Nc3 O-O 8. Bg5 ({RR} 8. Qb3 h6 9. Bd2 Kh7 10. Rfd1 d4 11. Na4 Nd7 12. e3 dxe3 13. Bxe3 Nf5 14. Bd2 Nd4 15. Nxd4 exd4 16. Re1 Ne5 17. Bf4 Re8 18. Bxe5 Rxe5 19. Rxe5 Bxe5 20. Re1 Bg7 21. Qb4 Bf8 22. Qd2 Bf5 {Nakamura,H (2788)-Goryachkina,A (2553) chess.com INT 2024 1-0 (49)}) ({RR} 8. Qb3 Na6 9. cxd5 cxd5 10. Bg5 f6 11. Bd2 Kh8 12. Rfc1 Nc7 13. Ne1 Rb8 14. a4 Nc6 15. Nc2 Be6 16. Nb5 Rf7 17. d4 a6 18. Nxc7 Rxc7 19. e4 Rd7 20. Rd1 Bf7 21. exd5 Bxd5 22. Bxd5 Rxd5 {Donchenko,A (2619)-Sasikiran,K (2650) Fagernes 2022 0-1 (55)}) 8... Be6 9. Qb3 dxc4 $146 ({RR} 9... f6 10. Bd2 Qd7 11. Rfd1 Na6 12. Qa3 Rfe8 13. Rac1 Bf8 14. b4 Nf5 15. cxd5 cxd5 16. e4 Bxb4 17. Qb2 dxe4 18. Nxe4 Be7 19. Bc3 Nc7 20. d4 Rad8 21. Rd2 exd4 22. Nxd4 Nxd4 23. Bxd4 Nd5 24. Bxf6 {Bachmann,A (2604)-Harikrishna,P (2704) chess.com INT 2023 1-0 (36)}) 10. Qxb7 Nd7 11. dxc4 f6 12. Be3 Rb8 13. Qa6 Rxb2 14. Rfd1 Qc7 15. Qa3 Nf5 16. Qxb2 Nxe3 17. fxe3 Bh6 18. Kh1 Bxe3 19. Qa3 Bc5 20. Rxd7 Qb6 21. Na4 Bxa3 22. Nxb6 axb6 23. Rc7 Bxc4 24. Rxc6 b5 25. e3 Kg7 26. Rc7+ Kh6 27. Nd2 Be6 28. Ne4 f5 29. Nc3 Rb8 30. Bd5 Bc8 31. Kg1 b4 32. Nd1 Ba6 33. Nf2 Rd8 34. e4 Bb2 35. Rb1 Bd4 36. Rxb4 fxe4 37. Bxe4 Rf8 38. Rc2 Bc8 39. Rxd4 exd4 40. Rd2 Be6 41. a4 Rd8 42. a5 Bc4 43. Bd3 Bd5 44. a6 Rb8 45. Rd1 Ra8 46. Ra1 Ra7 47. Be4 Bb3 48. Bb7 Bc2 49. Ra3 Kg5 50. Kf1 Kf5 51. Ke2 Ke5 52. Kd2 Bf5 53. Ra5+ Kf6 54. g4 1-0

[Event "Pepe Cuenca Invitational"]
[Site "chess24.com INT"]
[Date "2020.04.14"]
[Round "2.9"]
[White "Artemiev, Vladislav"]
[Black "Duda, Jan Krzysztof"]
[Result "1-0"]
[WhiteElo "2716"]
[BlackElo "2753"]
[PlyCount "151"]
[EventDate "2020.04.12"]
[EventType "k.o."]
[EventRounds "3"]
[EventCountry "USA"]
[SourceTitle "CBM 195 Extra"]
[Source "ChessBase"]
[SourceDate "2020.05.31"]
[SourceVersion "1"]
[SourceVersionDate "2020.05.31"]
[SourceQuality "1"]

1. Nf3 Nf6 2. b3 d5 3. Bb2 c5 4. e3 Nc6 5. Bb5 Bd7 6. O-O e6 7. d4 Rc8 8. Nbd2 cxd4 9. exd4 a6 10. Be2 Be7 11. a3 O-O 12. Bd3 Na7 $146 ({RR} 12... Bd6 13. Re1 Ne7 14. Ne5 Ng6 15. Nxg6 fxg6 16. Nf3 Nh5 17. Ne5 Bxe5 18. Rxe5 Qf6 19. Qd2 Nf4 20. Bf1 g5 21. g3 Ng6 22. Ree1 h5 23. a4 h4 24. Ba3 Rf7 25. Bd6 g4 26. Bd3 h3 27. Qe2 {Alvarado,C (2060)-Sivickis,K (1732) Wroclaw POL 2024 0-1 (72)}) 13. Ne5 Bb5 14. c4 dxc4 15. bxc4 Be8 16. Qe2 b5 17. Rac1 bxc4 18. Bxc4 Bb5 19. a4 Bxa4 20. Nxf7 Rxf7 21. Qxe6 Rxc4 22. Nxc4 Bb5 23. Ne5 Qd5 24. Qxf7+ Qxf7 25. Nxf7 Kxf7 26. Rfe1 Nc6 27. d5 Nxd5 28. Rcd1 Ncb4 29. Re4 Bf8 30. Red4 Nf6 31. h3 Nc6 32. Rf4 Be7 33. g4 h6 34. h4 g5 35. hxg5 hxg5 36. Rf5 Be2 37. Re1 Bxg4 38. Rxe7+ Kxe7 39. Rxf6 Bd7 40. Rg6 g4 41. Ba3+ Kd8 42. Bd6 Bf5 43. Rg7 Be4 44. Rxg4 Bf5 45. Rg7 a5 46. Kg2 a4 47. Kg3 Nd4 48. Be5 Ne6 49. Ra7 Bc2 50. Kg4 Nc5 51. f4 Nd3 52. Bd4 Nb4 53. f5 Nc6 54. Bb6+ Ke8 55. Rc7 Ne5+ 56. Kf4 Nd3+ 57. Kg5 Bb3 58. f6 a3 59. Re7+ Kf8 60. Bc7 a2 61. Bd6 Kg8 62. Rg7+ Kh8 63. Ra7 Kg8 64. Kg6 Bf7+ 65. Kg5 Nf2 66. Kf4 Nd3+ 67. Kf5 Ne1 68. Be5 Nc2 69. Bc3 Bc4 70. Rg7+ Kf8 71. Ra7 Kg8 72. Kg6 Bd3+ 73. Kh6 Bc4 74. f7+ Bxf7 75. Ra8+ Be8 76. Rxe8+ 1-0

[Event "Titled Tuesday intern op 14th April"]
[Site "Chess.com INT"]
[Date "2020.04.14"]
[Round "8"]
[White "Nakamura, Hikaru"]
[Black "Mieszke, Mieczyslaw"]
[Result "1-0"]
[WhiteElo "2736"]
[BlackElo "2613"]
[PlyCount "105"]
[EventDate "2020.04.14"]
[EventType "swiss (blitz)"]
[EventRounds "10"]
[EventCountry "USA"]
[SourceTitle "EXT 2021"]
[Source "ChessBase"]
[SourceDate "2020.10.23"]
[SourceVersion "1"]
[SourceVersionDate "2020.10.23"]
[SourceQuality "1"]

1. b3 Nf6 2. Bb2 e6 3. Nf3 d5 4. g4 ({RR} 4. Rg1 b6 5. g4 Bb7 6. e3 Rg8 7. a4 a6 8. g5 Nfd7 9. c4 dxc4 10. Bxc4 Nc6 11. d4 Bb4+ 12. Nc3 Na5 13. Bd3 c5 14. Kf1 Nxb3 15. Qxb3 Bxf3 16. Bxh7 Rh8 17. Be4 Bxe4 18. Nxe4 Rh4 {Aravindh,C (2617)-Pham,C (2393) Hanoi 2018 1-0 (39)}) 4... h6 ({RR} 4... Nxg4 5. Rg1 Nf6 6. e3 Nc6 7. d3 b6 8. Nbd2 Bb7 9. Be2 Qd7 10. Ne5 Nxe5 11. Bxe5 O-O-O 12. a4 a5 13. b4 Bxb4 14. Rxg7 Nh5 15. Bxh5 Bf8 16. Rxf7 {1-0 (16) Winkels,M (1974)-Magallanes,R (2049) Chess.com INT 2022}) 5. Rg1 Be7 6. h4 Nc6 $146 ({RR} 6... Rg8 7. g5 hxg5 8. hxg5 Ne4 9. g6 f6 10. d3 Nd6 11. Nbd2 c5 12. e4 Nc6 13. Bh3 Bd7 14. a3 Qc7 15. Qe2 O-O-O 16. O-O-O Rh8 17. Rh1 Kb8 18. Rde1 Rc8 19. Kb1 Rh6 20. exd5 exd5 21. Bxd7 {Migot,T (2353)-Baker,C (2227) Chess.com INT 2021 1-0 (33)}) 7. g5 hxg5 8. hxg5 Nh5 9. e3 a6 10. c4 e5 11. cxd5 Qxd5 12. Nc3 Qd8 13. Qc2 g6 14. a3 Bf5 15. Ne4 Qd5 16. d3 O-O-O 17. O-O-O Rhe8 18. Nfd2 Kb8 19. Be2 Ng7 20. Nf6 Bxf6 21. gxf6 Ne6 22. e4 Qd7 23. Nf3 Bh3 24. Rg3 Nf4 25. Kb1 Bg4 26. Bf1 Bxf3 27. Rxf3 Nd4 28. Bxd4 Qxd4 29. Qc4 Qxc4 30. bxc4 Rd6 31. d4 Rxf6 32. d5 b6 33. c5 bxc5 34. Rc3 Rb6+ 35. Ka2 Rh8 36. Rxc5 Rh2 37. Rc2 f5 38. Re1 Rh1 39. Rec1 Rh7 40. f3 Rf7 41. Bc4 Rh7 42. a4 Rb4 43. Bb3 fxe4 44. fxe4 Rxe4 45. d6 cxd6 46. a5 Nd3 47. Rc8+ Ka7 48. R1c3 Nc5 49. Bd5 Rh2+ 50. Kb1 Rb4+ 51. Kc1 Rh1+ 52. Bxh1 Nb7 53. R3c7 1-0

[Event "Titled Tuesday intern op 14th April"]
[Site "Chess.com INT"]
[Date "2020.04.14"]
[Round "9"]
[White "Demidov, Mikhail"]
[Black "Escobar Forero, Alder"]
[Result "1-0"]
[WhiteElo "2519"]
[BlackElo "2510"]
[PlyCount "53"]
[EventDate "2020.04.14"]
[EventType "swiss (blitz)"]
[EventRounds "10"]
[EventCountry "USA"]
[SourceTitle "EXT 2021"]
[Source "ChessBase"]
[SourceDate "2020.10.23"]
[SourceVersion "1"]
[SourceVersionDate "2020.10.23"]
[SourceQuality "1"]

1. Nf3 Nf6 2. g3 d5 3. Bg2 Bg4 4. h3 Bxf3 5. Bxf3 c6 6. Bg2 ({RR} 6. d3 Nbd7 7. O-O e5 8. e4 dxe4 9. dxe4 Bc5 10. c3 a5 11. b3 O-O 12. a3 b5 13. Qc2 Nb6 14. Kg2 Qe7 15. Nd2 Rfd8 16. Be2 Qe6 17. Rd1 h6 18. Bb2 Bf8 19. Rac1 h5 20. Nf3 a4 {Granda Zuniga,J (2679)-Anton Guijarro,D (2564) Madrid 2013 ½-½ (58)}) ({RR} 6. d4 e6 7. O-O Bd6 8. c4 O-O 9. Nc3 Nbd7 10. cxd5 exd5 11. Bf4 Nb6 12. e3 Re8 13. Qc2 h6 14. Kg2 Rc8 15. Rac1 Qe7 16. Rfe1 Nbd7 17. a3 Nf8 18. Qb3 Rcd8 19. Na4 Ne6 20. Bxd6 Rxd6 {Malek,J (2504)-Przybylski,W (2335) chess.com INT 2025 1-0 (83)}) 6... Nbd7 $146 ({RR} 6... e5 7. c4 dxc4 8. Qc2 Qd4 9. O-O Nbd7 10. Nc3 Be7 11. b3 cxb3 12. axb3 O-O 13. e3 Qb6 14. f4 exf4 15. gxf4 Rad8 16. Kh1 Nc5 17. Ba3 Rfe8 18. Bxc5 Qxc5 19. Bf3 Nd5 20. Bxd5 cxd5 21. d4 {Ponkratov,P (2564)-Malakhov,I (2412) Sochi RUS 2024 1-0 (88)}) 7. O-O e5 8. c3 Bd6 9. d4 e4 10. c4 O-O 11. Nc3 Qa5 12. Qb3 Rab8 13. Bd2 dxc4 14. Qxc4 Qh5 15. Nxe4 Nxe4 16. Bxe4 Qxh3 17. Qd3 Nf6 18. Bg2 Qh5 19. Bf3 Qh3 20. Rfe1 Rbd8 21. Rad1 Rfe8 22. e4 Be5 23. Bc3 Bxd4 24. Bxd4 c5 25. e5 Rxd4 26. exf6 Red8 27. Qb5 1-0

[Event "Abu Dhabi Super Blitz op 1st"]
[Site "Chess.com INT"]
[Date "2020.04.15"]
[Round "4"]
[White "Andriasian, Zaven"]
[Black "Harutyunian, Tigran K"]
[Result "1-0"]
[WhiteElo "2606"]
[BlackElo "2551"]
[PlyCount "75"]
[EventDate "2020.04.15"]
[EventType "swiss (blitz)"]
[EventRounds "11"]
[EventCountry "UAE"]
[SourceTitle "CBM 195 Extra"]
[Source "ChessBase"]
[SourceDate "2020.05.31"]
[SourceVersion "1"]
[SourceVersionDate "2020.05.31"]
[SourceQuality "1"]

1. Nf3 d5 2. c4 d4 3. d3 Nc6 4. g3 e5 5. Bg2 Bb4+ 6. Nbd2 a5 7. O-O Nf6 8. a3 Bc5 ({RR} 8... Be7 9. Qa4 Bd7 10. Qc2 O-O 11. e4 dxe3 12. fxe3 Ng4 13. Re1 Bc5 14. Ne4 Ba7 15. c5 b6 16. d4 Bf5 17. h3 Nf6 18. Nxf6+ Qxf6 19. Qf2 bxc5 20. Nh4 Bd7 21. Qxf6 gxf6 22. d5 Ne7 23. d6 {Chen,M (2556)-Rogov,M (2685) Chess.com 2024 1-0 (64)}) ({RR} 8... Bd6 9. Rb1 O-O 10. Ne1 a4 11. Nc2 Bf5 12. b4 axb3 13. Nxb3 Qd7 14. Bg5 Qe6 15. Bxf6 Qxf6 16. c5 Be7 17. Qc1 Qe6 18. Nb4 Nxb4 19. axb4 Bh3 20. Bxh3 Qxh3 21. Qc4 Ra6 22. Qd5 Rh6 23. Qg2 {Sanal,V (2550)-Kacharava,N (2521) chess.com INT 2025 1-0 (64)}) ({RR} 8... Bd6 9. Qc2 O-O 10. Ng5 Re8 11. Rb1 h6 12. Nge4 Nxe4 13. Nxe4 Bf8 14. f4 f5 15. Nf2 Kh8 16. Re1 Bd6 17. c5 Bf8 18. b4 axb4 19. axb4 exf4 20. Bxf4 Ne5 21. e4 Ng6 22. Bd2 c6 23. Rf1 {Andriasian,Z (2600)-Sharafiev,A (2415) Kazan 2015 ½-½ (52)}) 9. Rb1 $146 ({RR} 9. Qc2 O-O 10. Nb3 Ba7 11. Bd2 a4 12. Na5 Nxa5 13. Bxa5 Bc5 14. Bb4 Qe7 15. Bxc5 Qxc5 16. Nd2 Ra7 17. b4 axb3 18. Nxb3 Qe7 19. a4 Be6 20. a5 Nd7 21. Ra2 Rb8 22. Qd2 Ra6 23. Rfa1 c6 {Bacak,M (2158)-Kazik,O (1888) Antalya 2020 ½-½ (48)}) 9... O-O 10. b4 axb4 11. axb4 Nxb4 12. Nxe5 Re8 13. Ndf3 c6 14. Bd2 Na6 15. e3 dxe3 16. fxe3 Bf5 17. Qe2 Rb8 18. Rbe1 Ng4 19. Nxg4 Bxg4 20. h3 Bh5 21. g4 Bg6 22. d4 Bd6 23. Bc3 b5 24. c5 Bf8 25. Ra1 Nc7 26. Ne5 Rxe5 27. dxe5 Bxc5 28. Rad1 Qe8 29. Bd4 Bf8 30. h4 c5 31. h5 cxd4 32. hxg6 hxg6 33. exd4 b4 34. Qc4 Ne6 35. Bd5 b3 36. Rxf7 Kxf7 37. Rf1+ Ke7 38. Bxe6 1-0

[Event "Titled Tuesday intern op 21st April"]
[Site "Chess.com INT"]
[Date "2020.04.21"]
[Round "2"]
[White "Hess, Robert L"]
[Black "Kouzari, Michael"]
[Result "1-0"]
[WhiteElo "2591"]
[BlackElo "2587"]
[PlyCount "151"]
[EventDate "2020.04.21"]
[EventType "swiss (blitz)"]
[EventRounds "10"]
[EventCountry "USA"]
[SourceTitle "EXT 2021"]
[Source "ChessBase"]
[SourceDate "2020.10.23"]
[SourceVersion "1"]
[SourceVersionDate "2020.10.23"]
[SourceQuality "1"]

1. b3 d5 2. Bb2 c6 3. Nf3 Nf6 4. e3 Bf5 5. d3 e6 6. Nbd2 h6 7. h3 Be7 8. g4 Bh7 9. Qe2 a5 $146 ({RR} 9... Rg8 10. O-O-O Qa5 11. Kb1 Na6 12. Ne5 Ba3 13. Nec4 {1-0 (13) Filipovic,B (2358)-Ballmann,M (2389) Leukerbad 2015}) 10. a3 a4 11. b4 c5 12. bxc5 Bxc5 13. g5 hxg5 14. Nxg5 Bg6 15. Rg1 Qe7 16. Ndf3 Nc6 17. d4 Bb6 18. Ne5 Ba5+ 19. Kd1 Nxe5 20. dxe5 Nd7 21. Qb5 Qc5 22. Qxc5 Nxc5 23. Bb5+ Ke7 24. Bd4 Rac8 25. Ra2 Ne4 26. Nxe4 Bxe4 27. Bxa4 Rxh3 28. Rb2 b6 29. Bxb6 Bc3 30. Rb5 Bxe5 31. Bc5+ Kf6 32. f4 Bc3 33. Kc1 Rxc5 34. Rxc5 Rxe3 35. Rc7 Bd4 36. Rd1 Bb6 37. Rb7 Rxa3 38. Be8 Ra1+ 39. Kd2 Ba5+ 40. Ke2 Rxd1 41. Rxf7+ Kg6 42. Kxd1 Kh6 43. Re7 Bf3+ 44. Kc1 Bg4 45. Bd7 Bb4 46. Re8 Bd6 47. Bxe6 Kh5 48. Bxg4+ Kxg4 49. Rd8 Bxf4+ 50. Kd1 g5 51. Rxd5 Kf3 52. Rd3+ Ke4 53. Ke2 g4 54. Kf2 g3+ 55. Kg2 Be5 56. Rd8 Bc7 57. Rd3 Be5 58. Kf1 Bf4 59. Ke2 Be5 60. Re3+ Kd5 61. Rf3 g2 62. Kf2 Kc4 63. Kxg2 Bd4 64. Kf1 Bc5 65. Ke2 Bd4 66. Kd2 Be5 67. Rd3 Bd4 68. Kc1 Be5 69. Kb1 Bc3 70. Ka2 Bb4 71. Kb2 Bc5 72. Rf3 Bd4+ 73. c3 Bc5 74. Kc2 Bd6 75. Rh3 Kd5 76. Kd3 1-0

[Event "Titled Tuesday intern op 21st April"]
[Site "Chess.com INT"]
[Date "2020.04.21"]
[Round "3"]
[White "Bartel, Mateusz"]
[Black "Tregubov, Pavel V"]
[Result "1-0"]
[WhiteElo "2648"]
[BlackElo "2560"]
[PlyCount "105"]
[EventDate "2020.04.21"]
[EventType "swiss (blitz)"]
[EventRounds "10"]
[EventCountry "USA"]
[SourceTitle "EXT 2021"]
[Source "ChessBase"]
[SourceDate "2020.10.23"]
[SourceVersion "1"]
[SourceVersionDate "2020.10.23"]
[SourceQuality "1"]

1. Nf3 c5 2. b3 Nc6 3. Bb2 d6 4. g3 e5 5. Bg2 Nf6 ({RR} 5... g5 6. d3 g4 7. Nfd2 h5 8. h4 Bh6 9. c4 Nge7 10. Nc3 f5 11. a3 Be6 12. Nd5 O-O 13. e3 Bf7 14. Nxe7+ Qxe7 15. O-O Rad8 16. b4 d5 17. cxd5 Bxd5 18. Bxd5+ Rxd5 19. Qb3 Qf7 20. Rad1 {Moussard,J (2595)-Alexakis,D (2503) chess.com INT 2025 1-0 (48)}) 6. O-O Be7 $146 ({RR} 6... Be6 7. c4 Qd7 8. Nc3 Bh3 9. e3 h5 10. d4 Bxg2 11. Kxg2 h4 12. dxe5 hxg3 13. fxg3 Qh3+ 14. Kg1 Nxe5 15. Qe2 O-O-O 16. Nxe5 dxe5 17. Rad1 Rxd1 18. Rxd1 Ng4 19. Rd2 Be7 20. Nd5 Bg5 21. Ba3 {Praggnanandhaa,R (2608)-Baum,J (2373) Chess.com INT 2020 1-0 (59)}) 7. e3 O-O 8. d4 cxd4 9. exd4 e4 10. Nfd2 d5 11. h3 Bf5 12. Re1 h5 13. Nf1 Re8 14. Nbd2 Qb6 15. c3 Rad8 16. Ne3 Bg6 17. a4 a5 18. Qe2 Bf8 19. Qb5 Qc7 20. Rac1 Qd7 21. Ndf1 Nh7 22. h4 Nf6 23. Red1 Ra8 24. c4 dxc4 25. bxc4 Nb4 26. Rb1 Nd3 27. Bc3 Bb4 28. Ba1 Red8 29. Nc2 Ng4 30. Qxd7 Rxd7 31. f3 exf3 32. Bxf3 Ngf2 33. Nxb4 axb4 34. Rd2 Ng4 35. Bxg4 hxg4 36. d5 Rxa4 37. Bd4 Ne5 38. Bxe5 Bxb1 39. Kf2 b3 40. Ne3 Ra2 41. Rb2 Rxb2+ 42. Bxb2 f5 43. Ke2 Kf7 44. Kd2 g6 45. Kc3 Be4 46. Kxb3 f4 47. Nxg4 f3 48. Bd4 Rd8 49. Ne5+ Ke8 50. Kb4 Ra8 51. d6 Ra2 52. d7+ Ke7 53. Bc5+ 1-0

[Event "Titled Tuesday intern op 21st April"]
[Site "Chess.com INT"]
[Date "2020.04.21"]
[Round "3"]
[White "Dziuba, Marcin"]
[Black "Ponkratov, Pavel"]
[Result "1-0"]
[WhiteElo "2585"]
[BlackElo "2631"]
[PlyCount "51"]
[EventDate "2020.04.21"]
[EventType "swiss (blitz)"]
[EventRounds "10"]
[EventCountry "USA"]
[SourceTitle "EXT 2021"]
[Source "ChessBase"]
[SourceDate "2020.10.23"]
[SourceVersion "1"]
[SourceVersionDate "2020.10.23"]
[SourceQuality "1"]

1. Nf3 {Picard/Primel,D} e6 2. g3 f5 3. Bg2 g6 $146 ({RR} 3... Nf6 4. b3 c6 5. Bb2 d5 6. Ne5 ({RR} 6. O-O Bd6 7. c4 O-O 8. d4 ({RR} 8. d3 Nbd7 9. Nc3 Qe7 10. e4 fxe4 11. dxe4 dxc4 12. Qd4 Bc5 13. Qxc4)) 6... Bd6 7. f4 Nbd7 8. O-O Qc7 9. d4 Nf8 10. Nd2 h6 11. c4 Bb4 12. Ndf3 Qe7 13. a3 Ba5 14. Nh4 Rh7 15. Nhg6 Nxg6 16. Nxg6 Qf7 17. Ne5 Qg8 18. b4 {Panassioux,A-Krasner,M Toulouse 1955 EXT 2013 [Picard/Primel,D] 0-1 (32)}) ({RR} 3... Nf6 4. b3 a5 5. a3 d5 6. O-O Be7 7. Bb2 O-O 8. d3 c5 9. c4 Nc6 10. cxd5 exd5 11. d4 Ne4 12. dxc5 Bxc5 13. Nc3 Nxc3 14. Bxc3 d4 15. b4 Bxb4 16. Bxb4 axb4 17. axb4 Rxa1 18. Qxa1 {Dizdarevic,E (2465)-Spassky,B (2610) Sarajevo 1986 ½-½}) ({RR} 3... b6 4. b3 Bb7 5. Bb2 Nf6 6. O-O Be7 7. d3 O-O 8. Nbd2 Qe8 9. c4 Qh5 10. Re1 f4 11. e4 Nc6 12. d4 Bb4 13. d5 Ne7 14. a3 Bxd2 15. Qxd2 fxg3 16. fxg3 Ng6 17. h3 Rf7 18. Qd4 {Hernandez Amura,G (2198)-Bueno,A (2140) chess.com INT 2024 0-1 (63)}) 4. O-O Bg7 5. c4 c5 6. d4 cxd4 7. Nxd4 Nf6 8. Nb5 O-O 9. Bf4 Nc6 10. Bd6 Rf7 11. Nc7 Rb8 12. Nc3 a6 13. c5 Ng4 14. Nxe6 dxe6 15. Bxc6 bxc6 16. Bxb8 Rd7 17. Qa4 Rd4 18. Qxc6 Bd7 19. Qb6 Qe8 20. Rad1 g5 21. h3 Nh6 22. Rxd4 Bxd4 23. Rd1 e5 24. Qxh6 Qxb8 25. Qxg5+ Kf7 26. e3 1-0

[Event "Titled Tuesday intern op 21st April"]
[Site "Chess.com INT"]
[Date "2020.04.21"]
[Round "7"]
[White "Amin, Bassem"]
[Black "Kazhgaleyev, Murtas"]
[Result "1-0"]
[WhiteElo "2686"]
[BlackElo "2569"]
[PlyCount "99"]
[EventDate "2020.04.21"]
[EventType "swiss (blitz)"]
[EventRounds "10"]
[EventCountry "USA"]
[SourceTitle "EXT 2021"]
[Source "ChessBase"]
[SourceDate "2020.10.23"]
[SourceVersion "1"]
[SourceVersionDate "2020.10.23"]
[SourceQuality "1"]

1. e4 e6 2. d3 d5 3. Nd2 c5 4. g3 Nc6 5. Bg2 Nf6 6. Ngf3 g6 7. O-O Bg7 8. Re1 O-O 9. c3 a5 10. a4 b6 11. Nb1 ({RR} 11. exd5 exd5 12. Nf1 h6 13. Bf4 Nh5 14. Ne5 Bb7 15. Nxc6 Bxc6 16. Be5 Bxe5 17. Rxe5 Qd6 18. d4 Rfe8 19. Qd2 Kg7 20. Rae1 Nf6 21. Qf4 cxd4 22. Qxd4 Qc5 23. Qf4 Qd6 24. b3 Rxe5 25. Qxe5 Qxe5 {Fressinet,L (2717)-Vitiugov,N (2742) Dubai 2014 ½-½ (46)}) ({RR} 11. exd5 exd5 12. Nb1 Ba6 13. Na3 Rc8 14. Nb5 Bxb5 15. axb5 Nb8 16. Ne5 Nbd7 17. Nc6 Qc7 18. Bf4 Qb7 19. Ne7+ Kh8 20. Nxc8 Qxc8 21. Re7 Ng8 22. Re2 Ngf6 23. Qd2 Nh5 24. Bh6 Qd8 25. Bxg7+ Kxg7 {Klenburg,M (2331)-Ivanov,A (2068) chess.com INT 2024 1-0}) 11... e5 12. exd5 Nxd5 13. Qb3 $146 ({RR} 13. Na3 h6 14. Nc4 Re8 15. h4 Bg4 16. Qc2 Ra7 17. Nh2 Be6 18. Qe2 f5 19. h5 gxh5 20. Qxh5 Nf6 21. Qh4 Bd5 22. Bxd5+ Nxd5 23. Qxd8 Rxd8 24. Ra3 Re7 25. Nf1 Re6 26. Kg2 Kf7 27. Rb3 Nce7 {Amin,B (2681)-Ternault,M (2367) Chartres 2022 1-0 (70)}) 13... Nde7 14. Na3 Rb8 15. Nc4 Be6 16. Ng5 Bd5 17. Bxd5 Qxd5 18. Be3 h6 19. Ne4 f5 20. Ned6 Kh7 21. Qc2 f4 22. Bd2 Rbd8 23. Ne4 Qd7 24. Kg2 f3+ 25. Kh1 Qh3 26. Rg1 Rb8 27. g4 Nd5 28. Bg5 Kg8 29. Rg3 Qxg3 30. hxg3 hxg5 31. Nxg5 Rbd8 32. d4 Nde7 33. Nxe5 Bxe5 34. dxe5 Rd5 35. Re1 c4 36. Qe4 Rd2 37. Qxc4+ Kh8 38. Kg1 Rxb2 39. Qe4 Rb3 40. Nxf3 Rxc3 41. Re3 Rc5 42. Kg2 Kg8 43. Rd3 Nb4 44. Rd6 Nbd5 45. Rxg6+ Kf7 46. Ng5+ Ke8 47. Ne6 Nxg6 48. Qxg6+ Ke7 49. Nxc5 bxc5 50. Qd6+ 1-0

[Event "Titled Tuesday intern op 28th Apr"]
[Site "Chess.com INT"]
[Date "2020.04.28"]
[Round "6"]
[White "Eljanov, Pavel"]
[Black "Postny, Evgeny"]
[Result "1-0"]
[WhiteElo "2672"]
[BlackElo "2600"]
[PlyCount "109"]
[EventDate "2020.04.28"]
[EventType "swiss (blitz)"]
[EventRounds "10"]
[EventCountry "USA"]
[SourceTitle "EXT 2021"]
[Source "ChessBase"]
[SourceDate "2020.10.23"]
[SourceVersion "1"]
[SourceVersionDate "2020.10.23"]
[SourceQuality "1"]

1. Nf3 d5 2. g3 Nd7 3. Bg2 e5 4. O-O Ngf6 5. c4 c6 ({RR} 5... e4 6. Ne1 dxc4 7. Qa4 Qe7 8. Qxc4 Nb6 9. Qc2 Nbd5 10. Nc3 Nxc3 11. dxc3 h6 12. Qb3 g6 13. Be3 Bg7 14. Nc2 O-O 15. Rad1 b6 16. Bd4 Bb7 17. Ne3 c5 18. Bxf6 Bxf6 19. Qa4 Rfc8 20. Nd5 {Petrosian,T (2606)-Fedoseev,V (2724) Chess.com INT 2018 0-1 (39)}) 6. d3 ({RR} 6. cxd5 cxd5 7. d4 e4 8. Ne5 Bd6 9. Bf4 Qe7 10. Nc3 O-O 11. Nxd7 Bxd7 12. Bg5 Bc6 13. Qb3 Rad8 14. e3 Bb8 15. f3 exf3 16. Rxf3 h6 17. Bxf6 gxf6 18. Re1 Rd6 19. Rf5 Rfd8 20. Nxd5 Bxd5 {Zeltsan,J (2439)-Rosenthal,M New York USA 2024 1-0}) 6... Bd6 7. Nc3 d4 $146 ({RR} 7... O-O 8. Bg5 h6 9. Bxf6 Nxf6 10. Rc1 d4 11. Nb1 Re8 12. Nfd2 Bf5 13. Ne4 Nxe4 14. Bxe4 Qd7 15. Bxf5 Qxf5 16. Nd2 Qg6 17. c5 Bf8 18. Qb3 Re7 19. Qc4 Kh7 20. b4 f5 21. b5 Rd8 22. bxc6 {Mekhitarian,K (2554)-Abdusattorov,N (2627) Chess.com INT 2020 0-1 (53)}) 8. Nb1 O-O 9. e3 dxe3 10. Bxe3 Re8 11. Nc3 Nc5 12. Re1 Bf5 13. d4 Nd3 14. Re2 e4 15. Nh4 Bg4 16. f3 exf3 17. Bxf3 Bxf3 18. Nxf3 Nxb2 19. Qb3 Ng4 20. Bg5 Be7 21. Bxe7 Rxe7 22. Qxb2 Rxe2 23. Qxe2 Qa5 24. Re1 Nf6 25. Ne4 Nxe4 26. Qxe4 g6 27. Re2 Qc3 28. c5 Rd8 29. Kg2 Qc4 30. h4 h5 31. Rf2 b6 32. Ng5 Qd5 33. Qxd5 Rxd5 34. cxb6 axb6 35. Nxf7 Rxd4 36. Ne5 Rd6 37. Nc4 Rd4 38. Nxb6 c5 39. Rc2 Rb4 40. Nc4 Kf7 41. Kf3 Ke6 42. Kf4 Rb1 43. a4 Ra1 44. a5 Kd5 45. Kg5 Kd4 46. Nd6 Rxa5 47. Rd2+ Kc3 48. Ne4+ Kb3 49. Kxg6 c4 50. Rf2 Re5 51. Rf3+ Kb4 52. Nc3 Ra5 53. Ne2 Re5 54. Nf4 c3 55. Nd3+ 1-0

[Event "Titled Tuesday intern op 28th Apr"]
[Site "Chess.com INT"]
[Date "2020.04.28"]
[Round "6"]
[White "Meier, Georg"]
[Black "Mista, Aleksander"]
[Result "1-0"]
[WhiteElo "2621"]
[BlackElo "2574"]
[PlyCount "61"]
[EventDate "2020.04.28"]
[EventType "swiss (blitz)"]
[EventRounds "10"]
[EventCountry "USA"]
[SourceTitle "EXT 2021"]
[Source "ChessBase"]
[SourceDate "2020.10.23"]
[SourceVersion "1"]
[SourceVersionDate "2020.10.23"]
[SourceQuality "1"]

1. Nf3 c5 2. g3 Nc6 3. Bg2 g6 4. c3 Bg7 5. d4 cxd4 6. cxd4 d5 7. Nc3 Nf6 ({RR} 7... Nh6 8. O-O Nf5 9. e3 O-O 10. b3 e6 11. Ba3 Re8 12. Rc1 Bd7 13. Qe2 Rc8 14. Rfd1 Qa5 15. Qb2 b5 16. Bc5 b4 17. Na4 e5 18. dxe5 Nxe5 19. Nxe5 Bxa4 20. Bd4 Rxc1 21. Rxc1 Nxd4 22. exd4 {Ding,L (2777)-Le,Q (2737) Huaian 2017 1-0 (66)}) 8. O-O ({RR} 8. Bf4 O-O 9. Rc1 Bf5 10. Ne5 Ne4 11. O-O Nxc3 12. bxc3 Nxe5 13. dxe5 Be6 14. Qd4 Qa5 15. Rb1 b6 16. a4 Rac8 17. Rb4 Rc5 18. Rfb1 Rfc8 19. Bd2 Qa6 20. Kf1 f6 21. exf6 Bxf6 22. Qe3 Bf7 {Balague Camps,M (2191)-Guzman Lozano,C (1868) chess.com INT 2025 1-0 (50)}) ({RR} 8. Ne5 Nd7 9. Nxc6 bxc6 10. O-O O-O 11. Be3 Ba6 12. Rc1 Re8 13. Qa4 Qb6 14. Rfd1 Qb7 15. Qc2 Rac8 16. b3 e6 17. Qd2 c5 18. dxc5 Nxc5 19. Nxd5 exd5 20. Rxc5 Rxc5 21. Bxc5 Rxe2 22. Qxd5 Qxd5 {Meier,G (2628)-Muradli,M (2449) Tornelo INT 2021 ½-½ (56)}) 8... Bf5 $146 ({RR} 8... b6 9. Ne5 Bb7 10. Bg5 O-O 11. Bxf6 exf6 12. Nxc6 Bxc6 13. Qb3 Qe7 14. e3 Rfd8 15. Nxd5 Bxd5 16. Bxd5 Rac8 17. Rac1 f5 18. Bg2 Qd7 19. Rc3 Rc7 20. Rfc1 Rdc8 21. Bf1 Bf6 22. Ba6 Rxc3 23. Rxc3 {Hartling,S-Beierle,C Hamburg 1974 ½-½ (60)}) 9. Ne5 Ne4 10. Nxc6 bxc6 11. Na4 O-O 12. Be3 h6 13. Rc1 Rc8 14. b3 g5 15. f3 Nd6 16. Qd2 Bg6 17. Kh1 f5 18. Nc5 Bf7 19. Rc2 Re8 20. Rfc1 Qc7 21. Na6 Qb6 22. Nb4 Qb7 23. Nxc6 Bg6 24. Rc5 f4 25. gxf4 Nf5 26. Bf2 gxf4 27. Qxf4 Bf6 28. Ne5 Bg5 29. Qg4 Bh7 30. f4 Rxc5 31. Rxc5 1-0